00527nam a2200133Ia 4500008004100000100002200041245010000063245005900163260000900222650001300231856005700244999001900301952007300320170221s9999 xx 000 0 und d aEmmanuel I. Akpan aEntrepreneurship Education Policy: An Intervention Strategy For Economic Development In Nigeria cEmmanuel I. Akpan, Sunday A. Effiong, Augustine A. Ele c2014 xBusiness uhttp://www.scienpress.com/Upload/BEJ/Vol%201_1_6.pdf c309507d309507 001040aCLbCLd2017-02-21l0r2017-02-21 00:00:00w2017-02-21yFOJ